000 00329nam a2200133Ia 4500
005 20260326235456.0
008 260326s9999||||xx |||||||||||||| ||und||
100 _aTraba, Marta
245 0 _aMirar en Bogotá /
_cMarta Traba
260 _bInstituto Colombiano de Cultura
300 _a415 p.
650 _aURBANISMO
942 _cBK
999 _c7944
_d7944